[Event "CP-2017-P-00011"]
[Site "LSS email"]
[Date "2017.09.27"]
[Round "?"]
[White "Bellanger, Michel"]
[Black "Sidenko, Anatoly"]
[Result "0-1"]
[WhiteElo "2017"]
[BlackElo "2402"]
[PlyCount "74"]
[EventDate "2017.10.01"]
[EventType "tourn (corr)"]
[EventRounds "6"]
[EventCountry "GER"]
[SourceTitle "Corr 2022"]
[Source "ChessBase"]
[SourceDate "2021.10.24"]
[SourceVersion "1"]
[SourceVersionDate "2021.10.24"]
[SourceQuality "1"]

1. e4 c5 2. Nc3 d6 3. a3 Nf6 4. Nf3 a6 5. d4 cxd4 6. Nxd4 e5 7. Nb3 Be6 8. Be2 Be7 9. 0-0 0-0 10. Be3 Nbd7 11. f4 exf4 12. Rxf4 Rc8 13. Nd4 Re8 14. Qd2 Ne5 15. Raf1 Qd7 16. Nf5 Bxf5 17. Rxf5 Qc6 18. Qd4 Bd8 19. Qb4 b5 20. Rd1 d5 21. exd5 Qd7 22. Rf4 Nc4 23. Bxc4 Rxe3 24. Bd3 Bb6 25. Kh1 Bc5 26. Qa5 Bd6 27. Rff1 Qe7 28. Qxa6 Rd8 29. Bf5 g6 30. Nxb5 gxf5 31. Nxd6 Rxd6 32. Qc8+ Kg7 33. Qxf5 Ne4 34. Qf4 Qa7 35. g3 Rf6 36. Qg4+ Rg6 37. Qf4 Nxg3+ 0-1

[Event "CP-2017-P-00011"]
[Site "LSS email"]
[Date "2017.09.27"]
[Round "?"]
[White "Bellanger, Michel"]
[Black "Trani, Francesco"]
[Result "1/2-1/2"]
[WhiteElo "2017"]
[BlackElo "1737"]
[PlyCount "102"]
[EventDate "2017.10.01"]
[EventType "tourn (corr)"]
[EventRounds "6"]
[EventCountry "GER"]
[SourceTitle "Corr 2022"]
[Source "ChessBase"]
[SourceDate "2021.10.24"]
[SourceVersion "1"]
[SourceVersionDate "2021.10.24"]
[SourceQuality "1"]

1. e4 e5 2. d3 Nf6 3. h3 d5 4. f3 Nc6 5. Be3 Be6 6. Ne2 Be7 7. Nd2 0-0 8. Bf2 Qd6 9. a3 a5 10. g4 d4 11. Bg2 Nd7 12. 0-0 Bg5 13. Bg3 Be3+ 14. Kh1 g5 15. Re1 Ne7 16. Nf1 Bf4 17. Bf2 Ng6 18. Nfg3 Qb6 19. Nf5 a4 20. Nxf4 Nxf4 21. Qd2 Ra5 22. h4 f6 23. hxg5 fxg5 24. Bg3 Rb5 25. Qc1 Nc5 26. Re2 Rxb2 27. Bf1 Bxf5 28. exf5 Nxe2 29. Qxg5+ Kf7 30. Qh5+ Ke7 31. Bxe2 Kd8 32. Re1 Rb1 33. Rg1 Nd7 34. Qxh7 Rxg1+ 35. Kxg1 Qd6 36. Bh4+ Nf6 37. Qg7 Kc8 38. Bg5 Qd8 39. f4 exf4 40. Bf3 Kb8 41. Kf2 Ka7 42. Bxf4 Rg8 43. Qxc7 Nxg4+ 44. Bxg4 Qxc7 45. Bxc7 Rxg4 46. Kf3 Rh4 47. Bg3 Rh7 48. Ke4 b5 49. Kxd4 Kb6 50. c4 bxc4 51. dxc4 Kc6 1/2-1/2

[Event "CP-2017-P-00011"]
[Site "LSS email"]
[Date "2017.09.27"]
[Round "?"]
[White "Bellanger, Michel"]
[Black "Winbush, Jerome"]
[Result "1/2-1/2"]
[WhiteElo "2017"]
[BlackElo "1777"]
[PlyCount "50"]
[EventDate "2017.10.01"]
[EventType "tourn (corr)"]
[EventRounds "6"]
[EventCountry "GER"]
[SourceTitle "Corr 2022"]
[Source "ChessBase"]
[SourceDate "2021.10.24"]
[SourceVersion "1"]
[SourceVersionDate "2021.10.24"]
[SourceQuality "1"]

1. e4 c6 2. d4 d5 3. e5 Bf5 4. h3 e6 5. Nf3 Nd7 6. Nc3 Ne7 7. a3 c5 8. dxc5 Nc6 9. b4 a5 10. Rb1 axb4 11. axb4 Ndxe5 12. Nxe5 Nxe5 13. Nb5 Nc6 14. Bd3 Bxd3 15. cxd3 Be7 16. 0-0 0-0 17. d4 Qd7 18. Re1 Bf6 19. Be3 Rfd8 20. Re2 Ne7 21. Qd3 h6 22. Nd6 Ra4 23. b5 Rda8 24. Ree1 Ng6 25. b6 Ne7 1/2-1/2

[Event "CP-2017-P-00011"]
[Site "LSS email"]
[Date "2017.09.27"]
[Round "?"]
[White "Hoehne, Volkmar"]
[Black "Bellanger, Michel"]
[Result "1-0"]
[WhiteElo "2016"]
[BlackElo "2017"]
[PlyCount "51"]
[EventDate "2017.10.01"]
[EventType "tourn (corr)"]
[EventRounds "6"]
[EventCountry "GER"]
[SourceTitle "Corr 2022"]
[Source "ChessBase"]
[SourceDate "2021.10.24"]
[SourceVersion "1"]
[SourceVersionDate "2021.10.24"]
[SourceQuality "1"]

1. e4 d6 2. d4 e6 3. Nf3 Nf6 4. Nc3 Be7 5. Bd3 Nbd7 6. 0-0 e5 7. Re1 0-0 8. h3 exd4 9. Nxd4 Ne5 10. Bf1 a6 11. f4 Nc6 12. Nf3 Re8 13. Be3 Bf8 14. Bf2 g6 15. Bh4 Be7 16. Qd2 Rb8 17. Rad1 b5 18. e5 dxe5 19. Qf2 Nd7 20. Bxe7 Qxe7 21. Nd5 Qf8 22. Nxc7 Rd8 23. fxe5 Nb6 24. Qh4 Bb7 25. e6 Qc5+ 26. Kh1 1-0

[Event "SA-2017-0-00597"]
[Site "LSS email"]
[Date "2017.09.18"]
[Round "?"]
[White "Bellanger, Michel"]
[Black "Van Bommel, Ton"]
[Result "0-1"]
[WhiteElo "2078"]
[BlackElo "2140"]
[PlyCount "108"]
[EventDate "2017.08.16"]
[EventType "tourn (corr)"]
[EventRounds "6"]
[EventCountry "GER"]
[SourceTitle "Corr 2022"]
[Source "ChessBase"]
[SourceDate "2021.10.24"]
[SourceVersion "1"]
[SourceVersionDate "2021.10.24"]
[SourceQuality "1"]

1. e4 e5 2. Nf3 Nc6 3. Bb5 a6 4. Bxc6 dxc6 5. 0-0 Bg4 6. h3 h5 7. d3 Qf6 8. Nbd2 Ne7 9. Re1 Ng6 10. d4 Bd6 11. c4 Nf4 12. Qb3 0-0-0 13. dxe5 Bxe5 14. Nxe5 Qxe5 15. Nf3 Bxf3 16. Qxf3 Nd3 17. Rd1 Nc5 18. Be3 Nxe4 19. b3 Nd6 20. Rac1 Rhe8 21. c5 Nf5 22. Rxd8+ Kxd8 23. Qxh5 Nxe3 24. Qxe5 Rxe5 25. fxe3 Rxe3 26. Kf2 Rd3 27. Ke2 Rd5 28. b4 Ke7 29. a3 Ke6 30. Ke3 Ke5 31. g4 g5 32. Rf1 f6 33. a4 b6 34. cxb6 cxb6 35. Rc1 c5 36. bxc5 bxc5 37. a5 c4 38. Rxc4 Rxa5 39. Rc3 Ra2 40. Rc5+ Kd6 41. Rf5 Ke7 42. Rc5 Ra3+ 43. Ke2 a5 44. Kd2 Ke6 45. Rf5 a4 46. Ra5 Rxh3 47. Ra6+ Ke5 48. Rxa4 Rf3 49. Ra1 Kf4 50. Rg1 Rf2+ 51. Kd3 f5 52. gxf5 g4 53. f6 Kg5 54. Ke4 Rxf6 0-1

[Event "LSS No Engine Cup 173 Preliminary 0"]
[Site "LSS email"]
[Date "2017.09.10"]
[Round "?"]
[White "Bellanger, Michel"]
[Black "Sanchez Blanque, Antonio"]
[Result "1-0"]
[WhiteElo "2021"]
[BlackElo "1693"]
[PlyCount "41"]
[EventDate "2017.09.11"]
[EventType "tourn (corr)"]
[EventRounds "6"]
[EventCountry "GER"]
[SourceTitle "Corr 2022"]
[Source "ChessBase"]
[SourceDate "2021.10.24"]
[SourceVersion "1"]
[SourceVersionDate "2021.10.24"]
[SourceQuality "1"]

1. e3 d5 2. d3 e5 3. a3 Nf6 4. h3 Nc6 5. b3 Be7 6. Nd2 0-0 7. Bb2 Bf5 8. g4 Bg6 9. Ne2 Re8 10. Bg2 e4 11. d4 Nd7 12. Nf4 Nb6 13. c4 Bg5 14. cxd5 Nxd5 15. Nxd5 Qxd5 16. h4 Bf6 17. h5 Bxd4 18. exd4 Nxd4 19. hxg6 Nf3+ 20. Bxf3 exf3+ 21. Kf1 1-0

[Event "LSS No Engine Cup 173 Preliminary 0"]
[Site "LSS email"]
[Date "2017.09.10"]
[Round "?"]
[White "Pech, Stepan"]
[Black "Bellanger, Michel"]
[Result "1-0"]
[WhiteElo "1497"]
[BlackElo "2021"]
[PlyCount "57"]
[EventDate "2017.09.11"]
[EventType "tourn (corr)"]
[EventRounds "6"]
[EventCountry "GER"]
[SourceTitle "Corr 2022"]
[Source "ChessBase"]
[SourceDate "2021.10.24"]
[SourceVersion "1"]
[SourceVersionDate "2021.10.24"]
[SourceQuality "1"]

1. d4 e6 2. e4 d6 3. Bd3 a6 4. Nf3 h6 5. 0-0 Nf6 6. Qe2 Nc6 7. e5 Nh7 8. c3 Ng5 9. Ne1 Be7 10. b4 dxe5 11. dxe5 f5 12. f4 Nf7 13. Nf3 0-0 14. Nbd2 g5 15. Nb3 a5 16. b5 a4 17. Nbd4 Nxd4 18. Nxd4 Bc5 19. Be3 gxf4 20. Bxf4 Qh4 21. Bc4 Qg4 22. Qc2 Kh8 23. Rad1 Qg7 24. Qe2 Ng5 25. Rd3 Qf7 26. Bxg5 hxg5 27. Rh3+ Kg8 28. g4 f4 29. Bd3 1-0

[Event "LSS No Engine Cup 173 Preliminary 0"]
[Site "LSS email"]
[Date "2017.09.10"]
[Round "?"]
[White "Pliska, Miroslav"]
[Black "Bellanger, Michel"]
[Result "0-1"]
[WhiteElo "1451"]
[BlackElo "2021"]
[PlyCount "62"]
[EventDate "2017.09.11"]
[EventType "tourn (corr)"]
[EventRounds "6"]
[EventCountry "GER"]
[SourceTitle "Corr 2022"]
[Source "ChessBase"]
[SourceDate "2021.10.24"]
[SourceVersion "1"]
[SourceVersionDate "2021.10.24"]
[SourceQuality "1"]

1. d4 e6 2. Nf3 h6 3. Bf4 d6 4. e3 a6 5. Bd3 Ne7 6. c3 Nd7 7. 0-0 g5 8. Bg3 b6 9. Nbd2 f5 10. h3 Ng6 11. Qb3 Nf6 12. Rad1 Qd7 13. e4 g4 14. exf5 gxf3 15. fxg6 fxg2 16. Kxg2 Bb7+ 17. f3 0-0-0 18. Rde1 Re8 19. Rf2 Rg8 20. Kh2 Nh5 21. Rfe2 Nxg3 22. Kxg3 d5 23. f4 Bd6 24. Nf3 Qf7 25. Ne5 Bxe5 26. dxe5 Rxg6+ 27. Bxg6 Rg8 28. Kf3 d4+ 29. Be4 Qh5+ 30. Kf2 Qh4+ 31. Kf1 Qxh3+ 0-1

[Event "SB-2017-0-00508"]
[Site "LSS email"]
[Date "2017.08.15"]
[Round "?"]
[White "Bellanger, Michel"]
[Black "Habes, Jiri"]
[Result "0-1"]
[WhiteElo "2078"]
[BlackElo "1933"]
[PlyCount "34"]
[EventDate "2017.07.22"]
[EventType "tourn (corr)"]
[EventRounds "6"]
[EventCountry "GER"]
[SourceTitle "Corr 2022"]
[Source "ChessBase"]
[SourceDate "2021.10.24"]
[SourceVersion "1"]
[SourceVersionDate "2021.10.24"]
[SourceQuality "1"]

1. d3 e5 2. e3 d5 3. a3 Nf6 4. h3 c5 5. b3 Be7 6. Nd2 0-0 7. Bb2 Nc6 8. Ne2 a5 9. g4 a4 10. Ng3 d4 11. e4 Be6 12. Qf3 axb3 13. cxb3 Nd7 14. Qg2 Bg5 15. Rg1 Qa5 16. Bc1 Qc3 17. Rb1 Rxa3 0-1

[Event "RA-2016-0-00440"]
[Site "LSS email"]
[Date "2016.04.25"]
[Round "?"]
[White "Kazimierski, Tomasz"]
[Black "Bellanger, Michel"]
[Result "1/2-1/2"]
[WhiteElo "2155"]
[BlackElo "2047"]
[PlyCount "59"]
[EventDate "2016.03.04"]
[EventType "tourn (corr)"]
[EventRounds "6"]
[EventCountry "GER"]
[SourceTitle "Corr 2022"]
[Source "ChessBase"]
[SourceDate "2021.10.24"]
[SourceVersion "1"]
[SourceVersionDate "2021.10.24"]
[SourceQuality "1"]

1. e4 e6 2. d4 d5 3. e5 c5 4. c3 Nc6 5. Nf3 Qb6 6. Na3 cxd4 7. cxd4 Bb4+ 8. Bd2 Nge7 9. Bc3 0-0 10. Bd3 f6 11. 0-0 fxe5 12. dxe5 Bxc3 13. bxc3 Qc5 14. Nb5 Rxf3 15. Qxf3 Nxe5 16. Qg3 Nxd3 17. Qxd3 e5 18. c4 Bf5 19. Qa3 Qxa3 20. Nxa3 d4 21. f3 Rd8 22. Rf2 Kf7 23. Rb2 Rd7 24. Rc1 Nc6 25. Nb1 g5 26. Nd2 g4 27. Rb5 gxf3 28. Nxf3 Re7 29. Rf1 Ke6 30. Rd5 1/2-1/2

[Event "RA-2016-0-00440"]
[Site "LSS email"]
[Date "2016.04.24"]
[Round "?"]
[White "Schormann, Conrad"]
[Black "Bellanger, Michel"]
[Result "1-0"]
[WhiteElo "2130"]
[BlackElo "2047"]
[PlyCount "111"]
[EventDate "2016.03.04"]
[EventType "tourn (corr)"]
[EventRounds "6"]
[EventCountry "GER"]
[SourceTitle "Corr 2022"]
[Source "ChessBase"]
[SourceDate "2021.10.24"]
[SourceVersion "1"]
[SourceVersionDate "2021.10.24"]
[SourceQuality "1"]

1. d4 Nf6 2. Nf3 d5 3. c4 e6 4. g3 Bb4+ 5. Bd2 Be7 6. Bg2 0-0 7. 0-0 c6 8. Bf4 Nbd7 9. Nc3 dxc4 10. e4 Re8 11. a4 b6 12. Qe2 Ba6 13. Rfd1 Bb4 14. e5 Nd5 15. Bg5 f6 16. exf6 gxf6 17. Bd2 Qe7 18. Nh4 f5 19. Qh5 Bxc3 20. bxc3 N7f6 21. Qe2 Rac8 22. Re1 Qf8 23. Qd1 c5 24. dxc5 Rxc5 25. Qc2 Qg7 26. Re2 Ne4 27. Bxe4 fxe4 28. Rxe4 Nf6 29. Rf4 Kh8 30. Be3 Rd5 31. a5 b5 32. Rd1 Bb7 33. f3 a6 34. Rxd5 Bxd5 35. Qd2 Qf7 36. Bc5 Qg7 37. Bd6 Nd7 38. Rg4 Qf7 39. Bf4 b4 40. cxb4 Qf6 41. Be3 c3 42. Qd3 c2 43. Qxc2 e5 44. Qd3 Qc6 45. Bh6 Qxh6 46. Ng6+ hxg6 47. Rh4 Qxh4 48. gxh4 Nf6 49. Qxa6 Kg7 50. Qa7+ Kg8 51. b5 e4 52. fxe4 Rxe4 53. h3 Rb4 54. b6 Be4 55. h5 Nxh5 56. Qe7 1-0

[Event "RA-2016-0-00440"]
[Site "LSS email"]
[Date "2016.04.24"]
[Round "?"]
[White "Sorcinelli, Andrea"]
[Black "Bellanger, Michel"]
[Result "1/2-1/2"]
[WhiteElo "2222"]
[BlackElo "2047"]
[PlyCount "57"]
[EventDate "2016.03.04"]
[EventType "tourn (corr)"]
[EventRounds "6"]
[EventCountry "GER"]
[SourceTitle "Corr 2022"]
[Source "ChessBase"]
[SourceDate "2021.10.24"]
[SourceVersion "1"]
[SourceVersionDate "2021.10.24"]
[SourceQuality "1"]

1. e4 e5 2. Nf3 Nc6 3. Bb5 Nf6 4. Qe2 Bc5 5. 0-0 0-0 6. c3 Re8 7. d3 a6 8. Ba4 b5 9. Bb3 d6 10. Be3 Bxe3 11. Qxe3 Na5 12. Bc2 c5 13. Nbd2 Bd7 14. Rfc1 h6 15. a3 c4 16. d4 Qc7 17. h3 Rab8 18. Rd1 Rb6 19. Re1 Nc6 20. dxe5 dxe5 21. a4 Be6 22. axb5 axb5 23. b3 cxb3 24. Bxb3 Bxb3 25. Nxb3 Nd8 26. Nbd2 Rc6 27. Ra7 Qc8 28. Qe2 Qb8 29. Ra5 1/2-1/2

[Event "RB-2016-0-00313"]
[Site "LSS email"]
[Date "2016.04.02"]
[Round "?"]
[White "Almeraya, Eduardo"]
[Black "Bellanger, Michel"]
[Result "1/2-1/2"]
[WhiteElo "2030"]
[BlackElo "2013"]
[PlyCount "112"]
[EventDate "2016.01.29"]
[EventType "tourn (corr)"]
[EventRounds "6"]
[EventCountry "GER"]
[SourceTitle "Corr 2022"]
[Source "ChessBase"]
[SourceDate "2021.10.24"]
[SourceVersion "1"]
[SourceVersionDate "2021.10.24"]
[SourceQuality "1"]

1. Nf3 d5 2. d4 Bf5 3. c4 e6 4. Nc3 Bb4 5. e3 Nf6 6. Qa4+ Nc6 7. Ne5 0-0 8. Nxc6 Bxc3+ 9. bxc3 bxc6 10. f3 Qd7 11. Be2 h6 12. cxd5 exd5 13. c4 Qe6 14. 0-0 a5 15. Qa3 Rfb8 16. Bd2 Rb7 17. Rfc1 a4 18. Rc3 Ne8 19. Bf1 Qd6 20. Qxd6 Nxd6 21. cxd5 cxd5 22. Bc1 Rab8 23. Kf2 Be6 24. Bd3 Nc4 25. Bc2 Ra7 26. Rb1 Rb6 27. Bd3 Rxb1 28. Bxb1 f5 29. Bd3 Ra5 30. Ke2 c5 31. dxc5 Rxc5 32. Bb2 Rb5 33. Ba1 Rb7 34. Rc2 a3 35. Rc3 Rb4 36. g3 g5 37. Bxc4 dxc4 38. Rxa3 Rb1 39. Ra8+ Kf7 40. Ra7+ Kg6 41. Be5 Rh1 42. h4 c3 43. Kd3 gxh4 44. gxh4 Rxh4 45. a4 h5 46. Kxc3 Rc4+ 47. Kd3 Rc5 48. Bd4 Bc4+ 49. Kd2 Rc6 50. a5 h4 51. Rg7+ Kh6 52. Rd7 h3 53. Be5 Rc5 54. Bf4+ Kg6 55. Rc7 Rxc7 56. Bxc7 Kf6 1/2-1/2

[Event "RB-2016-0-00311"]
[Site "LSS email"]
[Date "2016.03.03"]
[Round "?"]
[White "Bellanger, Michel"]
[Black "Hoehne, Volkmar"]
[Result "1/2-1/2"]
[WhiteElo "2001"]
[BlackElo "1865"]
[PlyCount "103"]
[EventDate "2016.01.13"]
[EventType "tourn (corr)"]
[EventRounds "6"]
[EventCountry "GER"]
[SourceTitle "Corr 2022"]
[Source "ChessBase"]
[SourceDate "2021.10.24"]
[SourceVersion "1"]
[SourceVersionDate "2021.10.24"]
[SourceQuality "1"]

1. d4 e6 2. e4 d5 3. Nc3 Bb4 4. exd5 exd5 5. Bd3 Nc6 6. Nge2 Nge7 7. 0-0 Bf5 8. Nf4 Qd7 9. Bxf5 Qxf5 10. Nb5 Ba5 11. c3 0-0 12. a4 Bb6 13. Na3 Nd8 14. Re1 Ng6 15. Nd3 c6 16. Nc2 Bc7 17. f4 Qd7 18. b3 Bd6 19. c4 f6 20. g3 Ne7 21. Qe2 Re8 22. c5 Bc7 23. Bb2 Nf7 24. Qe6 Qc8 25. Qxc8 Raxc8 26. Re2 h5 27. Rae1 Kf8 28. b4 a6 29. Bc3 Nf5 30. b5 Rxe2 31. Rxe2 axb5 32. axb5 Ra8 33. b6 Bb8 34. Kg2 Ra4 35. Ndb4 g6 36. Ne3 Nxe3+ 37. Rxe3 Nd8 38. Re2 Kf7 39. Ra2 Rxa2+ 40. Nxa2 Ke6 41. Kf3 Nf7 42. Nc1 Nh6 43. Nb3 Kd7 44. h4 Nf5 45. Be1 Kd8 46. Bf2 Kd7 47. Ke2 Kd8 48. Kd3 Kd7 49. Be1 Kd8 50. Na5 Kc8 51. Bf2 Nh6 52. Ke3 1/2-1/2

[Event "RB-2016-0-00311"]
[Site "LSS email"]
[Date "2016.03.03"]
[Round "?"]
[White "Stancl, Vladimir"]
[Black "Bellanger, Michel"]
[Result "1/2-1/2"]
[WhiteElo "1975"]
[BlackElo "2001"]
[PlyCount "63"]
[EventDate "2016.01.13"]
[EventType "tourn (corr)"]
[EventRounds "6"]
[EventCountry "GER"]
[SourceTitle "Corr 2022"]
[Source "ChessBase"]
[SourceDate "2021.10.24"]
[SourceVersion "1"]
[SourceVersionDate "2021.10.24"]
[SourceQuality "1"]

1. d4 d5 2. Bf4 Bf5 3. e3 e6 4. Bd3 Bxd3 5. cxd3 Bd6 6. Ne2 Ne7 7. 0-0 0-0 8. Nd2 Bxf4 9. Nxf4 Qd6 10. Rc1 Nd7 11. h3 b6 12. Qa4 a5 13. Ne2 c6 14. Rfe1 Rfc8 15. Nc3 b5 16. Qd1 Rab8 17. Nf3 c5 18. dxc5 Qxc5 19. d4 Qb6 20. Re2 b4 21. Na4 Rxc1 22. Qxc1 Qb5 23. Qd1 Rc8 24. b3 Nb6 25. Nc5 Nd7 26. Nxd7 Qxd7 27. Rc2 Rxc2 28. Qxc2 Qc6 29. Qxc6 Nxc6 30. Ne5 Nxe5 31. dxe5 g6 32. g4 1/2-1/2

[Event "RB-2016-0-00309"]
[Site "LSS email"]
[Date "2016.01.29"]
[Round "?"]
[White "Bellanger, Michel"]
[Black "Bujdak, Pavel"]
[Result "1/2-1/2"]
[WhiteElo "2001"]
[BlackElo "1927"]
[PlyCount "94"]
[EventDate "2015.12.29"]
[EventType "tourn (corr)"]
[EventRounds "6"]
[EventCountry "GER"]
[SourceTitle "Corr 2022"]
[Source "ChessBase"]
[SourceDate "2021.10.24"]
[SourceVersion "1"]
[SourceVersionDate "2021.10.24"]
[SourceQuality "1"]

1. e4 c5 2. Nc3 Nc6 3. Nf3 e6 4. d4 cxd4 5. Nxd4 Qc7 6. f4 a6 7. Be3 b5 8. Be2 Bb7 9. a3 Rc8 10. Nb3 d6 11. f5 Nf6 12. fxe6 fxe6 13. 0-0 Qf7 14. Bg4 Ne5 15. Bh3 h5 16. Qd4 Neg4 17. Rad1 Ba8 18. Bg5 e5 19. Qd3 Be7 20. Bxf6 gxf6 21. Rd2 Rc7 22. g3 Qc4 23. Qf3 Qe6 24. Nd5 Bxd5 25. exd5 Qc8 26. Bxg4 Qxg4 27. Na5 Qxf3 28. Rxf3 Bd8 29. Nc6 Rf7 30. Nxd8 Kxd8 31. Rdf2 Rh6 32. Kf1 Rc7 33. Rxf6 Rxf6 34. Rxf6 Rxc2 35. Rxd6+ Ke7 36. Re6+ Kd7 37. h4 Rxb2 38. Rxe5 a5 39. Rxh5 a4 40. Rh7+ Kd6 41. Ra7 Kxd5 42. h5 Rh2 43. g4 Ke4 44. Kg1 Rh4 45. Kf2 Kf4 46. Rb7 Rh2+ 47. Kg1 Kg3 1/2-1/2

[Event "RB-2016-0-00309"]
[Site "LSS email"]
[Date "2016.01.29"]
[Round "?"]
[White "Bellanger, Michel"]
[Black "Svrsek, Radomir Sr"]
[Result "1-0"]
[WhiteElo "2001"]
[BlackElo "2054"]
[PlyCount "83"]
[EventDate "2015.12.29"]
[EventType "tourn (corr)"]
[EventRounds "6"]
[EventCountry "GER"]
[SourceTitle "Corr 2022"]
[Source "ChessBase"]
[SourceDate "2021.10.24"]
[SourceVersion "1"]
[SourceVersionDate "2021.10.24"]
[SourceQuality "1"]

1. d4 Nf6 2. c4 e6 3. Nf3 d5 4. Bg5 Be7 5. e3 0-0 6. Nc3 h6 7. Bxf6 Bxf6 8. Rc1 c6 9. Bd3 Nd7 10. 0-0 dxc4 11. Bxc4 e5 12. Ne4 exd4 13. Nxd4 Qe7 14. f3 Nb6 15. Nxf6+ Qxf6 16. Bb3 Rd8 17. Qc2 a5 18. Qc5 Nd7 19. Qc3 a4 20. Bc2 Nb6 21. Rfe1 Qg5 22. e4 c5 23. Ne2 Bh3 24. g3 Be6 25. f4 Qe7 26. a3 Bc4 27. e5 Qd7 28. Qf3 Qb5 29. Qe4 Kf8 30. Qh7 Bxe2 31. f5 Ke7 32. f6+ gxf6 33. Bg6 Rf8 34. Rc2 fxe5 35. Rcxe2 Nd7 36. Qg7 Rad8 37. Rd2 c4 38. Bh5 Qa5 39. Red1 Qc5+ 40. Rf2 c3 41. bxc3 b6 42. Rdd2 1-0

[Event "RB-2016-0-00309"]
[Site "LSS email"]
[Date "2016.01.29"]
[Round "?"]
[White "Pilgram, Kurt"]
[Black "Bellanger, Michel"]
[Result "1/2-1/2"]
[WhiteElo "1971"]
[BlackElo "2001"]
[PlyCount "90"]
[EventDate "2015.12.29"]
[EventType "tourn (corr)"]
[EventRounds "6"]
[EventCountry "GER"]
[SourceTitle "Corr 2022"]
[Source "ChessBase"]
[SourceDate "2021.10.24"]
[SourceVersion "1"]
[SourceVersionDate "2021.10.24"]
[SourceQuality "1"]

1. d4 d5 2. c4 c6 3. Nf3 Nf6 4. e3 Bf5 5. Nc3 e6 6. Nh4 Bg6 7. Be2 dxc4 8. Nxg6 hxg6 9. Bxc4 Nbd7 10. h3 Qc7 11. Bd2 Be7 12. 0-0 Nb6 13. Bb3 a5 14. a3 Nbd5 15. Bc2 Nxc3 16. bxc3 0-0 17. a4 b5 18. Bd3 b4 19. cxb4 axb4 20. Qb3 Rfd8 21. Rfc1 Qb6 22. Ra2 Ra5 23. Rac2 c5 24. Bc3 Qc6 25. Bxb4 Rb8 26. Bb5 Raxb5 27. axb5 Qxb5 28. dxc5 Nd5 29. Rc4 Nxb4 30. c6 Rc8 31. c7 g5 32. g3 Kh8 33. Qd1 Nd5 34. e4 Nf6 35. Rd4 Qe8 36. Qd2 e5 37. Rdc4 Kg8 38. Rd1 Qb5 39. Qc2 Qa5 40. Kg2 Qa7 41. Qc3 Qa6 42. Rb1 Nd7 43. Rc1 Qb5 44. Qc2 Qb7 45. Rc6 Nf8 1/2-1/2

[Event "SB-2015-0-00433"]
[Site "LSS email"]
[Date "2015.12.08"]
[Round "?"]
[White "Monteverde, Italo"]
[Black "Bellanger, Michel"]
[Result "1/2-1/2"]
[WhiteElo "2019"]
[BlackElo "2023"]
[PlyCount "93"]
[EventDate "2015.11.07"]
[EventType "tourn (corr)"]
[EventRounds "6"]
[EventCountry "GER"]
[SourceTitle "Corr 2022"]
[Source "ChessBase"]
[SourceDate "2021.10.24"]
[SourceVersion "1"]
[SourceVersionDate "2021.10.24"]
[SourceQuality "1"]

1. d4 Nf6 2. c4 e6 3. Nc3 Bb4 4. Qc2 d5 5. a3 Bxc3+ 6. Qxc3 dxc4 7. Qxc4 b6 8. Bf4 Nd5 9. Bg3 0-0 10. Nf3 Ba6 11. Qc2 Nd7 12. e4 Bxf1 13. Rxf1 Ne7 14. 0-0-0 Qb8 15. Kb1 Rc8 16. Bh4 Re8 17. Nd2 Qb7 18. f3 Rac8 19. Nc4 b5 20. Na5 Qb6 21. b4 c6 22. Bxe7 Rxe7 23. d5 Ne5 24. d6 Rd7 25. Qc5 f6 26. Rd2 Qxc5 27. bxc5 Rdd8 28. Kb2 Nd7 29. Rc1 Kf7 30. Kb3 e5 31. g3 Rg8 32. a4 bxa4+ 33. Kxa4 Ke6 34. f4 g6 35. Rb2 h5 36. Rb7 f5 37. exf5+ gxf5 38. fxe5 h4 39. Rc3 hxg3 40. hxg3 Rh8 41. Ka3 Rh1 42. Nb3 Nxe5 43. Re3 Kf6 44. Re2 Rb1 45. Ka2 Rd1 46. Re7 Rd5 47. Nd4 1/2-1/2

[Event "CP-2015-P-00049"]
[Site "LSS email"]
[Date "2015.09.28"]
[Round "?"]
[White "Glowatzky, Tihomir"]
[Black "Bellanger, Michel"]
[Result "1/2-1/2"]
[WhiteElo "2030"]
[BlackElo "2038"]
[PlyCount "33"]
[EventDate "2015.10.01"]
[EventType "tourn (corr)"]
[EventRounds "6"]
[EventCountry "GER"]
[SourceTitle "Corr 2022"]
[Source "ChessBase"]
[SourceDate "2021.10.24"]
[SourceVersion "1"]
[SourceVersionDate "2021.10.24"]
[SourceQuality "1"]

1. d4 d5 2. c4 e6 3. Nf3 c5 4. cxd5 exd5 5. Bg5 f6 6. Bf4 Nc6 7. Nc3 g5 8. Bg3 g4 9. Nd2 cxd4 10. Nb5 Kf7 11. Nc7 Rb8 12. Qb3 Ne5 13. Rc1 Ne7 14. Na6 Ra8 15. Bxe5 fxe5 16. Nc7 Rb8 17. Na6 1/2-1/2

[Event "WC-2015-P-00007"]
[Site "LSS email"]
[Date "2015.01.19"]
[Round "?"]
[White "Bellanger, Michel"]
[Black "Krug, Evgeny"]
[Result "1-0"]
[WhiteElo "1974"]
[BlackElo "1767"]
[PlyCount "43"]
[EventDate "2015.01.25"]
[EventType "tourn (corr)"]
[EventRounds "12"]
[EventCountry "GER"]
[SourceTitle "Corr 2022"]
[Source "ChessBase"]
[SourceDate "2021.10.24"]
[SourceVersion "1"]
[SourceVersionDate "2021.10.24"]
[SourceQuality "1"]

1. e4 e5 2. Nf3 Nc6 3. Bc4 Bc5 4. c3 Nf6 5. d3 a5 6. a4 0-0 7. Bg5 Re8 8. Nbd2 h6 9. Bh4 Qe7 10. g4 d6 11. Rg1 g5 12. Nxg5 hxg5 13. Bxg5 Be6 14. Bb5 Kg7 15. Qf3 Bd7 16. h4 Rh8 17. h5 Rag8 18. Bh4 Be6 19. Rg2 Qd8 20. 0-0-0 Na7 21. Bc4 b5 22. axb5 1-0

[Event "WC-2014-Q-00013"]
[Site "LSS email"]
[Date "2014.11.12"]
[Round "?"]
[White "Bellanger, Michel"]
[Black "Fernandez, Javier Horacio"]
[Result "1/2-1/2"]
[WhiteElo "1908"]
[BlackElo "2309"]
[PlyCount "77"]
[EventDate "2014.11.20"]
[EventType "tourn (corr)"]
[EventRounds "12"]
[EventCountry "GER"]
[SourceTitle "Corr 2022"]
[Source "ChessBase"]
[SourceDate "2021.10.24"]
[SourceVersion "1"]
[SourceVersionDate "2021.10.24"]
[SourceQuality "1"]

1. d4 Nf6 2. c4 e6 3. Nf3 b6 4. a3 c5 5. d5 Ba6 6. Nc3 Bxc4 7. e4 Bxf1 8. Rxf1 b5 9. Bg5 Qb6 10. Qe2 c4 11. Rd1 Na6 12. d6 h6 13. Be3 Qb7 14. e5 Ne4 15. a4 Nec5 16. axb5 Nd3+ 17. Rxd3 cxd3 18. Qxd3 Nb4 19. Qc4 Nc2+ 20. Ke2 Nxe3 21. fxe3 g5 22. h4 Bg7 23. hxg5 hxg5 24. Qg4 f6 25. Nxg5 f5 26. Qg3 Rc8 27. Nf3 Kf8 28. Qg5 Kg8 29. Kf2 a6 30. bxa6 Qxa6 31. Ne2 Rh7 32. Rc1 Rxc1 33. Nxc1 Rh1 34. Ne2 Qa1 35. Kg3 Rf1 36. Qd8+ Kh7 37. Ned4 Bxe5+ 38. Kh4 Rh1+ 39. Kg5 1/2-1/2